Welcome to WEB OPAC of MRSPTU Central Library

Human values and professional ethics (Record no. 5557)

MARC details
000 -LEADER
fixed length control field 00418nam a2200169Ia 4500
008 - FIXED-LENGTH DATA ELEMENTS--GENERAL INFORMATION
fixed length control field 230711s9999||||xx |||||||||||||| ||und||
020 ## - INTERNATIONAL STANDARD BOOK NUMBER
International Standard Book Number 978-93-272-2610-2
041 ## - LANGUAGE CODE
Language code of text/sound track or separate title ENG
082 ## - DEWEY DECIMAL CLASSIFICATION NUMBER
Classification number 658
Item number VA-H
100 ## - MAIN ENTRY--PERSONAL NAME
Personal name Kumar,Varinder
245 #0 - TITLE STATEMENT
Title Human values and professional ethics
250 ## - EDITION STATEMENT
Edition statement 2nd Ed.
260 ## - PUBLICATION, DISTRIBUTION, ETC.
Date of publication, distribution, etc. 2013
Place of publication, distribution, etc. New Delhi
Name of publisher, distributor, etc. Kalyani Publishers House
300 ## - PHYSICAL DESCRIPTION
Extent 300
650 ## - SUBJECT ADDED ENTRY--TOPICAL TERM
Topical term or geographic name entry element Literature
942 ## - ADDED ENTRY ELEMENTS (KOHA)
Koha item type Book
Holdings
Withdrawn status Lost status Damaged status Not for loan Collection Home library Current library Date acquired Total checkouts Full call number Barcode Date last seen Price effective from Koha item type Date last checked out Date due
          MRSPTU Central Library MRSPTU Central Library     658 VA-H 24880 01/29/2024 08/17/2023 Book    
          MRSPTU Central Library MRSPTU Central Library   5 658 VA-H 24881 06/04/2025 08/17/2023 Book 05/07/2025  
          MRSPTU Central Library MRSPTU Central Library     658 VA-H 24882 08/17/2023 08/17/2023 Book    
          MRSPTU Central Library MRSPTU Central Library   1 658 VA-H 24883 03/17/2025 08/17/2023 Book 02/05/2025  
          MRSPTU Central Library MRSPTU Central Library     658 VA-H 24884 08/17/2023 08/17/2023 Book    
          MRSPTU Central Library MRSPTU Central Library   2 658 VA-H 24885 06/09/2025 08/17/2023 Book 05/22/2025  
          MRSPTU Central Library MRSPTU Central Library   1 658 VA-H 24886 10/04/2023 08/17/2023 Book 09/20/2023  
          MRSPTU Central Library MRSPTU Central Library     658 VA-H 24887 08/17/2023 08/17/2023 Book    
          MRSPTU Central Library MRSPTU Central Library   1 658 VA-H 24888 09/08/2023 08/17/2023 Book 08/31/2023  
          MRSPTU Central Library MRSPTU Central Library   1 658 VA-H 24889 04/27/2026 08/17/2023 Book 04/02/2026  
          MRSPTU Central Library MRSPTU Central Library   1 658 VA-H 24890 04/15/2026 08/17/2023 Book 04/15/2026 05/06/2026
          MRSPTU Central Library MRSPTU Central Library   3 658 VA-H 24891 06/05/2025 08/17/2023 Book 04/15/2025  
          MRSPTU Central Library MRSPTU Central Library   1 658 VA-H 24892 01/02/2024 08/17/2023 Book 12/26/2023  
          MRSPTU Central Library MRSPTU Central Library   1 658 VA-H 24893 03/17/2025 08/17/2023 Book 02/05/2025  
          MRSPTU Central Library MRSPTU Central Library     658 VA-H 24894 08/17/2023 08/17/2023 Book    
          MRSPTU Central Library MRSPTU Central Library   1 658 VA-H 24895 04/15/2026 08/17/2023 Book 04/15/2026 05/06/2026
          MRSPTU Central Library MRSPTU Central Library     658 VA-H 24896 08/17/2023 08/17/2023 Book    
          MRSPTU Central Library MRSPTU Central Library   4 658 VA-H 24897 05/07/2025 08/17/2023 Book 04/23/2025  
          MRSPTU Central Library MRSPTU Central Library     658 VA-H 24898 08/17/2023 08/17/2023 Book    
          MRSPTU Central Library MRSPTU Central Library   2 658 VA-H 24899 06/09/2025 08/17/2023 Book 05/22/2025  

Website Designed and Developed by MRSPTU Central Library Team

E-mail Id: librarian@mrsptu.ac.in